| 000 | 00613cam a2200217 a 4500 | ||
|---|---|---|---|
| 001 | 4241933 | ||
| 005 | 20180206030950.0 | ||
| 008 | 830801s1984 nyua bf 001 0 eng | ||
| 010 | _a 83017103 | ||
| 020 |
_a0471864366 : _c$22.95 |
||
| 040 |
_aDLC _cDLC _dDLC |
||
| 041 | _aeng | ||
| 080 | _a658.4012 | ||
| 082 | 0 | 0 |
_a658.4012 MAR _219 |
| 100 | 1 | _a54 | |
| 101 | _aLID | ||
| 245 | 1 | 0 |
_aBuilding the strategic plan : _cStephanie K. Marrus. |
| 504 | _aBibliography: p. 331-333. | ||
| 906 |
_a7 _bcbc _corignew _d1 _eocip _f19 _gy-gencatlg |
||
| 942 |
_2ddc _cBK |
||
| 999 |
_c41841 _d41841 |
||